| 000 | 01080 am a2200265ua 4500 | ||
|---|---|---|---|
| 001 | 008790505 | ||
| 005 | 20140302114059.0 | ||
| 008 | 870408s1987 xxko gr 001 0 eng d | ||
| 020 | _a0851951422 (pbk) | ||
| 020 | _a9780851951423 | ||
| 040 |
_aUk _cUk |
||
| 043 | _ae-uk--- | ||
| 082 | 0 | 4 |
_a334.50941 _222 _bBIR |
| 100 | 1 |
_aBirchall, Johnston, _d1951- _935094 |
|
| 245 | 1 | 0 |
_aSave our shop : _bthe fall and rise of the small co-operative store : a report / _cby Johnston Birchall for the Society for Co-operative Studies ; with an introduction by R .L. Marshall. |
| 260 |
_aManchester, United Kingdom : _bHolyoake Books, _c1987 _f(The Co-operative Press Limited) |
||
| 300 |
_axiii, 109 p. : _bphotograph ; _c21cm. |
||
| 500 | _aIndex : p. 106-109. | ||
| 650 | 0 |
_aConsumer cooperatives _zGreat Britain _935096 |
|
| 653 |
_bBUSECO _cFebruary2014 |
||
| 655 |
_vreading book _934232 |
||
| 700 | 1 |
_935097 _aMarshall, R. L. _d1936- _eauthor of introduction, etc. _q(Rodney Leonard), |
|
| 710 | 2 |
_aSociety for Co-operative Studies (Great Britain) _935095 |
|
| 942 |
_2ddc _k334.50941 BIR |
||
| 999 |
_c18039 _d18011 |
||